Catálogo
Digital

Catálogo
Digital

Planeación e integración de los recursos humanos (Record no. 10582)

MARC details
000 -LEADER
campo de control de longitud fija 01380nam a2200277Ia 4500
000 - LEADER
campo de control de longitud fija nam a22 i 4500
001 - NÚMERO DE CONTROL
campo de control UNACH-14059
007 - CAMPO FIJO DE DESCRIPCIÓN FÍSICA--INFORMACIÓN GENERAL
campo de control de longitud fija ta
008 - DATOS DE LONGITUD FIJA--INFORMACIÓN GENERAL
campo de control de longitud fija 221212s ||||fr|||| 00| | spa d
020 ## - NÚMERO INTERNACIONAL ESTÁNDAR DEL LIBRO
Número Internacional Estándar del Libro 978-6-07-438640-0
041 0# - CÓDIGO DE IDIOMA
Código de lengua del texto/banda sonora o título independiente spa
082 04 - NÚMERO DE LA CLASIFICACIÓN DECIMAL DEWEY
Número de clasificación 658.3
Número de ítem Administración de personal
100 1# - ENTRADA PRINCIPAL--NOMBRE DE PERSONA
Nombre de persona Gonzáles, Martín,
Término indicativo de función/relación autor
245 10 - MENCIÓN DEL TÍTULO
Título Planeación e integración de los recursos humanos
264 31 - PRODUCCIÓN, PUBLICACIÓN, DISTRIBUCIÓN, FABRICACIÓN Y COPYRIGHT
Producción, publicación, distribución, fabricación y copyright [México] :
-- México D.F :
Nombre del de productor, editor, distribuidor, fabricante Grupo editorial Patria.,
Fecha de producción, publicación, distribución, fabricación o copyright 2013
300 ## - DESCRIPCIÓN FÍSICA
Extensión 360 páginas :
Otras características físicas tablas, gráficos
336 ## - TIPO DE CONTENIDO
Término de tipo de contenido texto
Código de tipo de contenido txt
Fuente rdacontent
337 ## - TIPO DE MEDIO
Nombre/término del tipo de medio no mediado
Código del tipo de medio n
Fuente rdamedia
338 ## - TIPO DE SOPORTE
Nombre/término del tipo de soporte volumen
Código del tipo de soporte nc
Fuente rdacarrier
504 ## - NOTA DE BIBLIOGRAFÍA, ETC.
Nota de bibliografía, etc. Incluye: Tabla de Contenido, Acerca de los autores, Prólogo.
505 0# - NOTA DE CONTENIDO CON FORMATO
Nota de contenido con formato La noción de hombre como punto de partida en la administración del siglo XXI.-- Competencias sociales.-- una propuesta a construir.--Procesos de desarrollo de la administración de recursos humanos.-- Herramientas en la administración de recursos humanos pos-moderna.-- Trabajo en grupos y formación de facilitadores como herramientas orientadas al desarrollo de la diversidad.-- Herramientas en la administración de recursos humanos, estrés y negociación.-- Coach, el proceso de acompañamiento para desarrollar un líder.--
650 14 - PUNTO DE ACCESO ADICIONAL DE MATERIA--TÉRMINO DE MATERIA
Término de materia o nombre geográfico como elemento de entrada HERRAMIENTAS
700 1# - ENTRADA AGREGADA--NOMBRE PERSONAL
Nombre de persona Olivares, Socorro,
Término indicativo de función/relación autor
942 ## - ELEMENTOS DE ENTRADA SECUNDARIOS (KOHA)
Fuente del sistema de clasificación o colocación Clasificación Decimal Dewey
Tipo de ítem Koha Libros
Suprimir en OPAC No
Holdings
Estado de pérdida Fuente del sistema de clasificación o colocación Estado de daño No para préstamo Biblioteca de origen Biblioteca actual Sección Fecha de adquisición Coste, precio normal de compra Total de préstamos Signatura topográfica completa Código de barras Visto por última vez Precio de reemplazo Tipo de ítem Koha
  Clasificación Decimal Dewey     Biblioteca Campus Norte Biblioteca Campus Norte Derecho 17/10/2017 26.00   658.3 GON L013445 L013445 15/12/2022 15/12/2022 Libros
  Clasificación Decimal Dewey     Biblioteca Campus Norte Biblioteca Campus Norte Facultad de Ciencias Políticas y Administrativas - Generalidades 17/10/2017 26.00   658.3 GON L013446 L013446 15/12/2022 15/12/2022 Libros

Powered by Koha